000 00776 a2200229 4500
001 61975
005 20260407155912.0
008 260407a1998 arg spa d
003 AR-UNSa-BCEJYS
040 _aAR-UNSa-BCEJYS
_bspa
_cAR-UNSa-BCEJYS
080 _a347.91(094.4)*B
_xCódigo Procesal Civil y Comercial de Buenos Aires
245 1 0 _aCódigos Procesales en lo Civil y Comercial de la Provincia de Buenos Aires y de la Nación
_pComentados y anotados
020 _a978-950-536-098-7
264 1 _aLa Plata :
_bLEP (Librería Editora Platense)
_c1998
300 _a771 p.
_c23 cm.
041 _aspa
942 _cBK
590 _aniveau_biblio:m niveau_hierar:0
100 1 _aMorello, Augusto Mario
700 1 _aTessone, Alberto J.
700 1 _aKaminker, Mario E.
999 _c7515
_d7515